| 000 | 00663 a2200253 4500 | ||
|---|---|---|---|
| 001 | 18850 | ||
| 003 | TR-AnTOB | ||
| 005 | 20250709145047.0 | ||
| 008 | 041102s2001 tu tur | ||
| 020 | _a9753680333 | ||
| 040 |
_aTR-AnTOB _cTR-AnTOB |
||
| 041 | _atur | ||
| 050 |
_aHB75 _b.Ö94 2001 |
||
| 090 | _aHB75 .Ö94 2001 | ||
| 100 |
_aÖzgüven, Ali _911018 |
||
| 245 | 0 |
_aİktisadi düşünceler - doktrinler ve teoriler / _cAli Özgüven. |
|
| 264 | 1 |
_aİstanbul : _bFiliz Kitabevi, _c2001 |
|
| 300 |
_aviii,229 p. : _bill. ; _c24 cm. |
||
| 500 | _aIncludes bibliographies. | ||
| 650 | 7 |
_aEkonomi _xTarih _980031 |
|
| 902 | _a0004033 | ||
| 942 |
_cBK _2lcc |
||
| 999 |
_c18850 _d5550 |
||